Ciencias de la naturaleza 5 : (Registro nro. 9967)

Detalles MARC
000 -LIDER
fixed length control field 01258nam a22003257a 4500
003 - IDENTIFICACDOR DE NÚMERO DE CONTROL
control field DO-SdBNP
005 - DATE AND TIME OF LATEST TRANSACTION
control field 20180306135016.0
008 - ELEMENTOS DE LONGITUD FIJA
fixed length control field 160429b 2000 dr||||| |||| 00| 0 spa d
020 ## - ISBN
International Standard Book Number 9945444484
040 ## - FUENTE DE CATALOGACIÓN
Agencia que crea de manera original el registro BPMSU
Idioma de catalogación spa
Agencia que realiza la transcripción BPMSU
092 ## - LOCALLY ASSIGNED DEWEY DECIMAL CALL NUMBER
Número de clasificación 372.257
Número de ítem (Cutter) V335c 5to. [20--]
100 ## - ASIENTO PRINCIPAL -- NOMBRE PERSONAL
Nombre personal Vásquez Güichardo, Julia Mery
245 ## - MENCIÓN DE TITULO
Título Ciencias de la naturaleza 5 :
Subtítulo [educación básica] /
Mención de responsabilidad Julia Mery Vásquez Gúichardo , Andrea Griselda Rincón Ozuna
260 ## - PUBLICACIÓN, DISTRIBUCIÓN, ETC. (PIE DE IMPRENTA)
Lugar de publicación, distribución, etc Santo Domingo :
Nombre del editor, distribuidor, etc. Actualidad escolar 2000
Fecha de publicación, distribución, etc [20--]
300 ## - DESCRIPCIÓN FÍSICA
Extensión 2v. :
Otros detalles físicos il. :
Dimensiones 28 cm
505 ## - NOTA DE CONTENIDO
Texto normalizado de contenido Unidad 1- Conociendo nuestro planeta
505 ## - NOTA DE CONTENIDO
Texto normalizado de contenido Unidad 2 - Historia de nuestro planeta : la tierra
505 ## - NOTA DE CONTENIDO
Texto normalizado de contenido Unidad 3 - La vida en la tierra
505 ## - NOTA DE CONTENIDO
Texto normalizado de contenido Unidad 4 - Energía y movimiento
650 #4 - ENCABEZAMIENTO DE MATERIA--TEMÁTICO
Término temático o nombre geográfico como elemento de entrada CIENCIAS NATURALES
Subdivisión temática general ENSEÑANZA BÁSICA
650 #4 - ENCABEZAMIENTO DE MATERIA--TEMÁTICO
Término temático o nombre geográfico como elemento de entrada CIENCIAS NATURALES
Subdivisión temática general EDUCACIÓN PRIMARIA
650 ## - ENCABEZAMIENTO DE MATERIA--TEMÁTICO
Término temático o nombre geográfico como elemento de entrada CIENCIAS NATURALES
Subdivisión temática general LIBROS DE TEXTOS
650 #4 - ENCABEZAMIENTO DE MATERIA--TEMÁTICO
Término temático o nombre geográfico como elemento de entrada CIENCIAS NATURALES
Subdivisión temática general ESTUDIOS Y EJERCICIOS
650 #4 - ENCABEZAMIENTO DE MATERIA--TEMÁTICO
Término temático o nombre geográfico como elemento de entrada EDUCACIÓN PRIMARIA
Subdivisión geográfica REPÚBLICA DOMINICANA
700 12 - ASIENTO SECUNDARIO -- NOMBRE PERSONAL
Nombre personal Rincón Ozuna, Andrea Griselda
910 ## - VALIDACIÓN
Validación Validado. Control de calidad MFF
942 ## - ADDED ENTRY ELEMENTS (KOHA)
Source of classification or shelving scheme Dewey Decimal Classification
Koha item type Libros
945 ## - INFORMACIÓN DE PROCESAMIENTO LOCAL
Información de procesamiento local Remanejado para la BNPHU / 2018 VM
956 ## - LOCAL ELECTRONIC LOCATION AND ACCESS (OCLC)
Nombre de host daysi garcia
Existencias
Withdrawn status Lost status Source of classification or shelving scheme Damaged status Not for loan Collection code Home library Current library Date acquired Source of acquisition Total Checkouts Full call number Barcode Date last seen Price effective from Koha item type
    Dewey Decimal Classification     Colección Escolar Biblioteca Pública Metropolitana Salomé Ureña Biblioteca Pública Metropolitana Salomé Ureña 05/04/2016 Donación   372.257 V335c 5to. [20--] v.1 BPMSU16050016 05/04/2016 05/04/2016 Libros
    Dewey Decimal Classification     Colección Escolar Biblioteca Pública Metropolitana Salomé Ureña Biblioteca Pública Metropolitana Salomé Ureña 05/04/2016 Donación   372.257 V335c 5to. [20--] v.2 Libro del maestro BPMSU16050017 05/04/2016 05/04/2016 Libros